00398nam a22001097a 4500003000400000082001700004100002100021245019400042260002500236300000800261650001900269SGT a617.69bC24B aBiswal, Sarojini aA comparative evaluation of prosthetic and clinical outcome as influenced by two digitally fabricated extracoronal restorations viz an onlay and a full crown bA prosthetic cross arch study bSGT Universityc2024 a137 aProsthodontics